000 00624nam a2200217 i 4500
001 C2-0223530
003 PPAK
005 20180728152347.0
008 000220s1972 io |||| ||||| | may d
040 _aPPAK
_beng
_cPPAK
_erda
082 0 4 _a297.1229
_223
090 0 0 _a297.1229
_bANS
_dKAH
245 0 0 _aTjahaja diatas Tjahaja :
_bbeberapa petikan dari al-Quran
264 1 _aBandong, Indonesia :
_bCorps Muballigh Bandung ,
_c1972
300 _a44 pages ;
_c22 cm
336 _2rdacontent
_atext
337 _2rdamedia
_aunmediated
338 _2rdacarrier
_avolume
650 1 0 _aKoran - Translating
942 _ddc
_cB
999 _c144650
_d144650